Revista electronica de derecho ambiental

Detalles Bibliográficos
Formato: Desconocido
Lenguaje:español
Publicado: [S.l.] : [s.n.]
Materias:
Acceso en línea:Acceso restringido

MARC

LEADER 00000ny a22000003n 4500
005 2011051304134.0
008 080714s19969999sp r s 000 a0spa c
022 |a 1576-3196 
035 |a 512 
040 |a UMA.RE  |d vLex 
080 |a 349.6(0.034) 
090 |c 1896  |d 1896 
245 0 3 |a Revista electronica de derecho ambiental  |h [Recurso electrn̤ico] 
246 3 |a Medio Ambiente & Derecho :  |b Revista electronica de derecho ambiental 
256 |a Servicio en ln̕ea 
260 |a [S.l.] :  |b [s.n.] 
506 1 |a Contenido solo disponible en los productos indicados  |d vLex Global  |d vLex Global (Academic Edition, excluding Law Schools)  |d vLex Global (U.S. Academic Edition, Law Schools)  |d vLex Global (U.S. Academic Edition, excluding Law Schools)  |d vLex Global (Academic Edition, Law Schools) 
650 0 7 |2 Tesauro vLex  |a Ambiental 
650 0 7 |2 Tesauro vLex  |a Medio ambiente 
650 0 7 |2 Tesauro vLex  |a Derecho medioambiental 
740 0 |a vLex Revista (Servicios en ln̕ea) 
843 |a Electrn̤ica. Abierta 
853 |8 1  |i (year)  |j (month)  |k (day) 
856 4 0 |u http://vlex.com/account/login_ip?fuente_id=512  |z Acceso restringido 
942 |c REV